| 000 | 00664nam a2200229Ia 4500 | ||
|---|---|---|---|
| 005 | 20251020182526.0 | ||
| 008 | 200515s9999 xx 000 0 und d | ||
| 082 | _a691.579/A81 | ||
| 100 | _aASENSIO CERVER, Francisco | ||
| 245 | 0 | _aPintura decorativa | |
| 260 | _aBarcelona | ||
| 260 | _c199? | ||
| 500 | _a1 ejemplar | ||
| 520 | _aTodo lo que debe saber sobre la pintura y su aplicación, tipos de pintura, color, herramientas, acabados y otros materiales empleados en esta actividad | ||
| 650 | _aCOLOR | ||
| 650 | _aHERRAMIENTAS | ||
| 650 | _aLIB | ||
| 650 | _aPINTURA | ||
| 650 | _aPINTURA DECORATIVA | ||
| 650 | _aREVESTIMIENTOS | ||
| 942 | _cLIB | ||
| 999 |
_c1899 _d1899 |
||